00721nam a2200241 a 4500001001300000003000900013005001700022008004100039020002300080082002000103100002000123245003000143260004400173300000800217500003500225505002600260650002000286700002000306902000800326942000700334952012100341999001700462nice12345678IN_TiNIC20260116014558.0050524s2002 lona grp 000 0 eng  a0190587 c22500a720.954025bVER aVerghese, Anila aHampib Monumental Legacy aLondan bOxford University Press c2002 a95p aincludes index and biblioraphy2 aIndex, Quranic Verses aIndia-Monuments1 aVerghese, Anila bSRS cBK 001040708StackRoom-aHMIbHMId2007-06-15g225.00l0o720.954025 VERp020628r2007-06-15v225.00w2005-05-24yBK c16058d16058